000 01238njm a22002897a 4500
005 2010091309449.0
007 sd ammalaaahaa
008 100830t xxu||||| |||| 00| 0 eng d
028 _aTAE.1006
_bAngel Records
035 _aGR-02052
040 _aSED
_cSED
100 _aMangeshkar, Lata
_919323
245 _aMadhumati /
_csung by Lata Mangeshkar, Mukesh & Manna dey ; music by Salil Choudhury ; Lyric by ; Shailendra
_h[sound recording]:
_bHindustani
246 _aमधुमती (लता मंगेशकर, मुकेश & मन्ना डे)
260 _aDum Dum, India:
_bAngel Records
300 _a1 sound disc [GramphoneRecording]:
_banalog,45 rpm
_c7 in.(SP)
_fGramphones Records
500 _aBrief Record
500 _aAngel records
500 _aPurple
505 _aSide 1 Chadh Gayo paapi bichhuya (चढ़ गयो पापी बिछुया), Side-2 Suhana safar (सुहाना सफ़र)
650 _xExcerpts
_zIndia
_917446
_aMotion picture music
_vFilm song
700 _aHemant Kumar
_919399
700 _aShankar Jaikishan
_919400
700 _aShailendra
_919677
942 _2ddc
_cGR
999 _c45341
_d45341